[Event "Let's Play Chess!"]
[Site "http://www.queenalice.com/game.php?id=1095852"]
[Date "2012.8.23"]
[Round "-"]
[White "Paulo_Lima"]
[Black "tomno814"]
[Result "0-1"]
[WhiteElo "1789"]
[BlackElo "1844"]

1. c4 Nf6 2. d4 c5 3. d5 d6 4. Nc3 g6 5. g3 Bg7 6. Bg2 O-O 7. e4 e6 8. Bg5 Qb6
9. Qc2 exd5 10. Bxf6 Bxf6 11. Nxd5 Qd8 12. Ne2 Nc6 13. Nxf6+ Qxf6 14. a3 Be6 15.
O-O Rfd8 16. Rad1 Rab8 17. Rd2 b5 18. cxb5 Rxb5 19. f4 Bb3 20. Qc3 Qe7 21. e5 d5
22. Qd3 Bc4 23. Qe3 d4 24. Qe4 Bd5 25. Qc2 Bxg2 26. Kxg2 Rdb8 27. Rb1 Qb7 28.
Kg1 Ne7 29. Qc4 Nd5 30. a4 Ne3 0-1

[Event "Challenge"]
[Site "http://www.queenalice.com/game.php?id=1095911"]
[Date "2012.8.23"]
[Round "-"]
[White "tomno814"]
[Black "mickke"]
[Result "1-0"]
[WhiteElo "1987"]
[BlackElo "1528"]

1. e4 c5 2. Nf3 Nc6 3. d4 cxd4 4. Nxd4 g6 5. c4 Bg7 6. Be3 Qb6 7. Nb5 Qd8 8.
N1c3 a6 9. Nd5 e6 10. Ndc7+ Kf8 11. Bc5+ Nge7 12. Nxa8 Qa5+ 13. Qd2 Qxd2+ 14.
Kxd2 axb5 15. cxb5 Ne5 16. Nb6 Ke8 17. f4 Ng4 18. Be2 Nh6 19. Rac1 d5 20. Bxe7
1-0

[Event "Challenge"]
[Site "http://www.queenalice.com/game.php?id=1095912"]
[Date "2012.8.23"]
[Round "-"]
[White "mickke"]
[Black "tomno814"]
[Result "1-0"]
[WhiteElo "1528"]
[BlackElo "1963"]

1. e4 c6 2. d4 d5 3. exd5 cxd5 4. Nf3 Nf6 5. c3 Bg4 6. Be2 e6 7. Bg5 Be7 8. Ne5
Bxe2 9. Qxe2 O-O 10. O-O Nbd7 11. Bxf6 Bxf6 12. Nxd7 Qxd7 13. Nd2 b5 14. a3 a5
15. Nb3 Be7 16. Nc5 Bxc5 17. dxc5 a4 18. Rfb1 Rfc8 19. b4 axb3 20. Rxb3 Rxc5 21.
Rab1 f6 22. g3 Qc6 23. Rxb5 Rc8 24. Rxc5 Qxc5 25. Qxe6+ Kh8 26. Rb5 Qxc3 27.
Rxd5 h6 28. Qe7 Qf3 29. Rd8+ Rxd8 30. Qxd8+ Kh7 31. Qd6 Qb3 32. h4 Qb1+ 33. Kg2
Qe4+ 34. Kh2 Qf3 35. Qc5 g5 36. hxg5 1-0

[Event "Challenge"]
[Site "http://www.queenalice.com/game.php?id=1096305"]
[Date "2012.8.25"]
[Round "-"]
[White "tomno814"]
[Black "mickke"]
[Result "1-0"]
[WhiteElo "1963"]
[BlackElo "1528"]

1. e4 e5 2. Nf3 Nc6 3. Bb5 d6 4. d4 exd4 5. Nxd4 Bd7 6. Nc3 g6 7. O-O Bg7 8. Nf3
Ne5 9. Nxe5 Bxe5 10. Bxd7+ Qxd7 11. Nd5 O-O-O 12. f4 Bd4+ 13. Qxd4 Ne7 14. Qxa7
Nc6 15. Qa8+ Nb8 16. Be3 Qe6 17. Ba7 Kd7 18. Qxb7 1-0

[Event "Challenge"]
[Site "http://www.queenalice.com/game.php?id=1096890"]
[Date "2012.8.27"]
[Round "-"]
[White "tomno814"]
[Black "mickke"]
[Result "1/2-1/2"]
[WhiteElo "1940"]
[BlackElo "1547"]

1. c4 Nf6 2. Nc3 c5 3. g3 d5 4. Bg2 e6 5. e3 a6 6. cxd5 exd5 7. d4 cxd4 8. Qxd4
Nc6 9. Qd1 Bf5 10. a3 Bc5 11. Nxd5 Nxd5 12. Qxd5 Qxd5 13. Bxd5 Rd8 14. Bf3 O-O
15. b4 Bb6 16. Bb2 Rfe8 17. Ne2 Bh3 18. Nf4 Bd4 19. Ra2 Bxb2 20. Rxb2 Ne5 21.
Be2 Bf5 22. O-O g5 23. Nh5 Re6 24. f4 gxf4 25. Rxf4 Bg6 26. Nf6+ Kg7 27. Ne4 Nd3
28. Bxd3 Rxd3 29. Nc5 Rd1+ 30. Kf2 Red6 31. Kf3 b5 32. h4 Ra1 33. g4 h5 34. gxh5
Bxh5+ 35. Ke4 Rxa3 36. Rg2+ Rg6 37. Rgf2 Rg3 38. Kd5 Rgxe3 39. Rg2+ Rg3 40.
Rxg3+ Rxg3 41. Nxa6 Rg4 42. Rxg4+ Bxg4 43. Nc7 Be2 44. Kc5 Kh6 45. Nxb5 Kh5 46.
Nd4 Bf1 47. b5 Bxb5 48. Kxb5 Kxh4 49. Kc5 f5 50. Nxf5+ Kg5 1/2-1/2

[Event "Challenge"]
[Site "http://www.queenalice.com/game.php?id=1096895"]
[Date "2012.8.27"]
[Round "-"]
[White "mickke"]
[Black "tomno814"]
[Result "0-1"]
[WhiteElo "1547"]
[BlackElo "1963"]

1. e4 d6 2. d4 Nf6 3. Nc3 g6 4. Bg5 Bg7 5. Nf3 O-O 6. Bc4 c5 7. e5 dxe5 8. dxc5
e4 9. Ne5 Qc7 10. Bxf6 Bxf6 11. Nxf7 Rxf7 12. Bxf7+ Kxf7 13. Qd5+ Be6 14. Qxe4
Qxc5 15. Na4 Qe5 16. Qxe5 Bxe5 17. O-O Nd7 18. Rfe1 Rc8 19. Rab1 Rxc2 20. Nc3 b6
21. Ne4 h6 22. g3 Bxa2 23. Rbd1 Be6 24. f4 Bxb2 25. f5 gxf5 26. Rf1 Nf6 27. Nxf6
Bxf6 0-1

[Event "Challenge"]
[Site "http://www.queenalice.com/game.php?id=1097010"]
[Date "2012.8.27"]
[Round "-"]
[White "rockyroad"]
[Black "tomno814"]
[Result "1-0"]
[WhiteElo "1837"]
[BlackElo "1963"]

1. e4 d6 2. d4 Nf6 3. Nc3 c6 4. f4 g6 5. Nf3 Bg4 6. Be2 Bxf3 7. Bxf3 e6 8. d5
exd5 9. exd5 cxd5 10. Nxd5 Nc6 11. Qe2+ Be7 12. Nxf6+ Kf8 13. Nd5 1-0

[Event "Challenge"]
[Site "http://www.queenalice.com/game.php?id=1097552"]
[Date "2012.8.29"]
[Round "-"]
[White "tomno814"]
[Black "immi"]
[Result "1-0"]
[WhiteElo "1893"]
[BlackElo "1314"]

1. c4 e5 2. Nc3 Nf6 3. g3 Bb4 4. Qc2 O-O 5. Bg2 Re8 6. Nf3 Nc6 7. e3 d6 8. O-O
Be6 9. d3 Ne7 10. Ng5 Qd7 11. Bxb7 Rab8 12. Bg2 h6 13. Nxe6 Qxe6 14. Bd2 Rb7 15.
Bxb7 1-0

[Event "Challenge"]
[Site "http://www.queenalice.com/game.php?id=1097855"]
[Date "2012.8.30"]
[Round "-"]
[White "mickke"]
[Black "tomno814"]
[Result "1-0"]
[WhiteElo "1561"]
[BlackElo "1924"]

1. d4 d6 2. e4 Nf6 3. Nc3 c6 4. Bg5 Qa5 5. Bxf6 gxf6 6. Qd2 f5 7. f3 Rg8 8. g3
fxe4 9. fxe4 Nd7 10. O-O-O Bg7 11. Kb1 c5 12. Nf3 cxd4 13. Nxd4 Ne5 14. Ncb5
Qxd2 15. Rxd2 Kd8 16. Nf5 Bf6 17. Nbxd6 exd6 18. Rxd6+ Nd7 19. Bb5 1-0

[Event "Challenge"]
[Site "http://www.queenalice.com/game.php?id=1097856"]
[Date "2012.8.30"]
[Round "-"]
[White "tomno814"]
[Black "mickke"]
[Result "1-0"]
[WhiteElo "1895"]
[BlackElo "1593"]

1. c4 c5 2. g3 g6 3. Bg2 Bg7 4. Nc3 Nc6 5. e3 e6 6. Nf3 Nf6 7. d4 cxd4 8. Nxd4
O-O 9. O-O d5 10. cxd5 Nxd5 11. Nxc6 bxc6 12. Ne4 Rb8 13. Rb1 Qa5 14. a3 Ba6 15.
Re1 f5 16. Bd2 Qb6 17. Ng5 Rfe8 18. b4 Bd3 19. Rb3 Bc4 20. Rb1 Rbd8 21. Qc2 Qa6
22. Rbc1 Bb5 23. Qb3 h6 24. Nf3 Kf7 25. Nd4 Bxd4 26. exd4 g5 27. Rc5 Ba4 28. Qb1
Bb5 29. Qa2 Qb7 30. Rec1 Ba4 31. Ra5 Bb5 32. a4 Be2 33. b5 Rc8 34. bxc6 Rxc6 35.
Rxd5 Bc4 36. Rxc4 Rxc4 37. Rxf5+ 1-0

[Event "Challenge"]
[Site "http://www.queenalice.com/game.php?id=1098321"]
[Date "2012.8.31"]
[Round "-"]
[White "tomno814"]
[Black "immi"]
[Result "1-0"]
[WhiteElo "1899"]
[BlackElo "1306"]

1. c4 b6 2. g3 Bb7 3. Nf3 e5 4. d3 Nf6 5. Bg2 d6 6. Nc3 Nbd7 7. b4 a5 8. bxa5
Rxa5 9. Bd2 Ra6 10. O-O Be7 11. e3 Nc5 12. d4 Nce4 13. dxe5 dxe5 14. Qc2 Nxc3
15. Bxc3 e4 16. Ng5 O-O 17. Nxe4 Nxe4 18. Bxe4 Bxe4 19. Qxe4 Bf6 20. Bxf6 Qxf6
21. Rfd1 Ra7 22. Qc2 c5 23. Rab1 Rd8 24. Rxd8+ Qxd8 25. Qb3 Rb7 26. a4 Qd2 27.
Rd1 Qa5 28. Rd8# 1-0

[Event "Challenge"]
[Site "http://www.queenalice.com/game.php?id=1099416"]
[Date "2012.9.4"]
[Round "-"]
[White "tomno814"]
[Black "mickke"]
[Result "1/2-1/2"]
[WhiteElo "1870"]
[BlackElo "1617"]

1. c4 e6 2. g3 d5 3. Bg2 Nf6 4. cxd5 exd5 5. Nf3 Bd6 6. O-O O-O 7. Nc3 c6 8. d3
Bg4 9. Qb3 b6 10. Be3 Nbd7 11. h3 Be6 12. Nd4 c5 13. Ndb5 d4 14. Qa4 dxc3 15.
Nxd6 cxb2 16. Rab1 Bd5 17. Nf5 Bxg2 18. Kxg2 Nd5 19. Bd2 N7f6 20. Rxb2 Re8 21.
Bg5 Qd7 22. Qxd7 Nxd7 23. e4 Nb4 24. a3 Nxd3 25. Rd2 c4 26. Nd6 Re6 27. Nxc4
N7c5 28. f3 Rc8 29. Rfd1 f6 30. Be3 Ne5 31. Nxe5 Rxe5 32. Rd8+ Re8 33. Rxe8+
Rxe8 34. Kf2 Kf7 35. Bf4 Ne6 36. Rd7+ Re7 37. Rxe7+ Kxe7 38. Bb8 a6 39. Ba7 b5
40. Ke3 Kd6 41. f4 Nd8 42. Bb8+ Kc5 43. Kd3 Nc6 44. Bc7 a5 45. g4 h6 46. h4 a4
47. g5 1/2-1/2

[Event "Challenge"]
[Site "http://www.queenalice.com/game.php?id=1099417"]
[Date "2012.9.4"]
[Round "-"]
[White "mickke"]
[Black "tomno814"]
[Result "1-0"]
[WhiteElo "1589"]
[BlackElo "1901"]

1. b3 Nf6 2. Bb2 d6 3. e3 e5 4. d4 exd4 5. exd4 d5 6. c4 Bb4+ 7. Nc3 O-O 8. Nf3
dxc4 9. bxc4 Re8+ 10. Be2 Ne4 11. Rc1 Bg4 12. O-O Nxc3 13. Bxc3 Bd6 14. Re1 Nd7
15. h3 Bh5 16. c5 Bf8 17. Qd2 Nf6 18. Ne5 Ne4 19. Qf4 Bg6 20. Bc4 Nf6 21. Nxg6
hxg6 22. Rxe8 1-0

[Event "Challenge"]
[Site "http://www.queenalice.com/game.php?id=1099793"]
[Date "2012.9.5"]
[Round "-"]
[White "tomno814"]
[Black "bonfim"]
[Result "0-1"]
[WhiteElo "1873"]
[BlackElo "1696"]

1. c4 c5 2. g3 d6 3. Bg2 Nc6 4. Nc3 Bf5 5. d3 e5 6. Qa4 Qd7 7. Nf3 Nf6 8. O-O
Be7 9. Rd1 O-O 10. e3 Nb4 11. Qxd7 Nxd7 12. Ne1 Rab8 13. a3 Nc6 14. Nd5 Nf6 15.
Bd2 Be6 16. Nc7 Rbc8 17. Nxe6 fxe6 18. b4 Ng4 19. f4 Bf6 20. Rab1 exf4 21. exf4
b6 22. h3 Bd4+ 23. Kf1 Nh6 24. Nf3 Nf5 25. Nxd4 Ncxd4 26. g4 Nh4 27. Bh1 Rce8
28. Be1 Rxf4+ 0-1

[Event "Challenge"]
[Site "http://www.queenalice.com/game.php?id=1100070"]
[Date "2012.9.5"]
[Round "-"]
[White "immi"]
[Black "tomno814"]
[Result "0-1"]
[WhiteElo "1394"]
[BlackElo "1814"]

1. e4 d6 2. d4 Nf6 3. Nc3 c6 4. Nf3 Bg4 5. Be2 Bxf3 6. Bxf3 e6 7. O-O d5 8. e5
Nfd7 9. Ne2 c5 10. c3 Nc6 11. Be3 cxd4 12. cxd4 Be7 13. a3 Qb6 14. b4 O-O 15.
Qd3 f5 16. exf6 Bxf6 17. Rfd1 Ne7 18. Bg4 g6 19. Nf4 Nf5 20. Bxf5 gxf5 21. Nh5
Kh8 22. Bh6 Rg8 23. Nxf6 Nxf6 24. h3 Rg6 25. Qe3 Rag8 26. g3 e5 27. Kh2 exd4 28.
Rxd4 Rxh6 29. Qxh6 Ng4+ 30. Rxg4 Qxh6 31. Rxg8+ Kxg8 32. Rd1 Qe6 0-1

[Event "Challenge"]
[Site "http://www.queenalice.com/game.php?id=1102030"]
[Date "2012.9.11"]
[Round "-"]
[White "mickke"]
[Black "tomno814"]
[Result "1-0"]
[WhiteElo "1627"]
[BlackElo "1860"]

1. e4 d6 2. d4 Nf6 3. Nc3 c6 4. Bg5 Nbd7 5. Nf3 Qb6 6. Rb1 e5 7. Bxf6 Nxf6 8.
dxe5 dxe5 9. Bc4 Bb4 10. O-O Bxc3 11. bxc3 Qa5 12. Qd3 O-O 13. h3 Rd8 14. Qe3
Be6 15. Bxe6 fxe6 16. Rxb7 Rd7 17. Rfb1 Rad8 18. Rxd7 Rxd7 19. Qg5 1-0

[Event "Challenge"]
[Site "http://www.queenalice.com/game.php?id=1102031"]
[Date "2012.9.11"]
[Round "-"]
[White "tomno814"]
[Black "mickke"]
[Result "1/2-1/2"]
[WhiteElo "1835"]
[BlackElo "1652"]

1. c4 e6 2. Nf3 d5 3. g3 Bd7 4. b3 Nf6 5. Bg2 Nc6 6. O-O Bd6 7. Bb2 O-O 8. Nc3
d4 9. Nb5 e5 10. d3 a6 11. Nxd6 cxd6 12. e3 dxe3 13. fxe3 Re8 14. d4 exd4 15.
exd4 d5 16. Ne5 dxc4 17. bxc4 Nxe5 18. dxe5 Ng4 19. Qd4 Nxe5 20. Bxb7 Rb8 21.
Bd5 Qg5 22. Bxf7+ Nxf7 23. Qxd7 Qe3+ 24. Kh1 Qe4+ 25. Kg1 Qe3+ 26. Kh1 1/2-1/2

[Event "Challenge"]
[Site "http://www.queenalice.com/game.php?id=1102171"]
[Date "2012.9.12"]
[Round "-"]
[White "mickke"]
[Black "tomno814"]
[Result "1-0"]
[WhiteElo "1713"]
[BlackElo "1835"]

1. c4 d6 2. g3 e5 3. Bg2 f5 4. Nc3 Nc6 5. d3 Nf6 6. Bg5 Be7 7. Nd5 Nxd5 8. cxd5
Bxg5 9. dxc6 b6 10. b4 Be6 11. b5 O-O 12. e3 Bf6 13. a4 d5 14. Ne2 a6 15. O-O
Qe7 16. d4 e4 17. Qb3 g5 18. h3 Kh8 19. f3 exf3 20. Bxf3 f4 21. g4 fxe3 22. Qxe3
Qd6 23. Kg2 Bf7 24. Nc3 a5 25. Be2 Rae8 26. Qd2 Bg7 27. Rf3 Bg6 28. Raf1 Rxf3
29. Bxf3 Be4 30. Qxg5 Bxd4 31. Bxe4 dxe4 32. Ne2 Be5 33. Qh5 Rg8 34. Rf7 Bg7 35.
Rd7 Qa3 36. Ng1 e3 37. Rxc7 Qxa4 38. Qd5 Qc2+ 39. Kh1 e2 40. Re7 1-0

[Event "Challenge"]
[Site "http://www.queenalice.com/game.php?id=1102172"]
[Date "2012.9.12"]
[Round "-"]
[White "tomno814"]
[Black "mickke"]
[Result "0-1"]
[WhiteElo "1858"]
[BlackElo "1690"]

1. c4 b6 2. Nf3 Bb7 3. Nc3 g6 4. g3 Bg7 5. Bg2 Nf6 6. O-O O-O 7. Re1 d6 8. e4 e5
9. d4 exd4 10. Nxd4 Re8 11. b3 Nbd7 12. Ba3 Nc5 13. Bxc5 bxc5 14. Ndb5 a6 15.
Na3 Rb8 16. Rc1 Re6 17. Nd5 c6 18. Nxf6+ Bxf6 19. Nc2 Qa5 20. a3 Rbe8 21. b4 Qb6
22. Qd3 cxb4 23. axb4 Bg7 24. Kh1 Qxf2 25. c5 Qf6 26. Bh3 d5 27. Bxe6 Rxe6 28.
Re3 Bh6 29. Rf1 Qe7 30. Re2 Rxe4 31. Rxe4 Qxe4+ 32. Qxe4 dxe4 33. g4 Bc8 34. h3
f5 35. gxf5 gxf5 36. Re1 Kf7 37. Kg2 Kf6 0-1

[Event "AUTO-OPEN-2736"]
[Site "http://www.queenalice.com/game.php?id=1131203"]
[Date "2012.12.14"]
[Round "2"]
[White "Andrez"]
[Black "tomno814"]
[Result "1-0"]
[WhiteElo "1967"]
[BlackElo "1882"]

1. f4 d5 2. Nf3 g6 3. e3 Bg7 4. Be2 Nf6 5. O-O O-O 6. c3 c5 7. d4 Nbd7 8. Ne5
Ne4 9. Nd2 Ndf6 10. Ndf3 Qc7 11. Qe1 cxd4 12. exd4 a5 13. Qh4 Nd6 14. g4 Nfe4
15. Bd3 f5 16. Bxe4 Nxe4 17. h3 a4 18. a3 b6 19. Be3 fxg4 20. hxg4 Ba6 21. Rfe1
Bf6 22. g5 Bh8 23. Kg2 Nd6 24. Rh1 e6 25. Rae1 Bxe5 26. Nxe5 Nf5 27. Qh3 Qg7 28.
Bc1 Ra7 29. Ng4 Qe7 30. Nf6+ Rxf6 31. gxf6 Qxf6 32. Kf3 Bd3 33. Rh2 Be4+ 34. Kf2
Rf7 35. Qf1 Nh4 36. Qh3 Nf3 37. Rxe4 dxe4 38. Rh1 e5 39. Qc8+ Kg7 40. dxe5 Nxe5
41. Ke2 Nd3 42. Be3 Nxf4+ 43. Kd1 Rf8 44. Qa6 Ne6 45. Qb7+ Rf7 46. Qxe4 1-0

[Event "AUTO-OPEN-2736"]
[Site "http://www.queenalice.com/game.php?id=1131204"]
[Date "2012.12.14"]
[Round "2"]
[White "tomno814"]
[Black "Andrez"]
[Result "1-0"]
[WhiteElo "1863"]
[BlackElo "1949"]

1. e4 e5 2. Nf3 Nc6 3. Bb5 d6 4. d4 exd4 5. Nxd4 Bd7 6. Nc3 Nf6 7. O-O Nxd4 8.
Bxd7+ Qxd7 9. Qxd4 Be7 10. f4 O-O 11. Rd1 a6 12. e5 Ne8 13. Nd5 Rd8 14. c4 b6
15. Be3 f6 16. e6 Qxe6 17. f5 Qf7 18. Qe4 Rd7 19. b4 Bd8 20. b5 a5 21. Rd3 Qh5
22. Nf4 Qg4 23. h3 Qh4 24. Bf2 Qh6 25. Qd5+ Kh8 26. Ne6 Rg8 27. Qc6 Re7 28. Nxd8
g6 29. Re3 Rgg7 30. Rae1 Rxe3 31. Rxe3 gxf5 32. Rxe8+ Rg8 33. Nf7+ 1-0

[Event "AUTO-OPEN-2736"]
[Site "http://www.queenalice.com/game.php?id=1131211"]
[Date "2012.12.14"]
[Round "2"]
[White "tomno814"]
[Black "Janivgm"]
[Result "1-0"]
[WhiteElo "1826"]
[BlackElo "1908"]

1. e4 e5 2. Nf3 Nf6 3. Nc3 d6 4. d4 Nbd7 5. Bc4 Be7 6. O-O O-O 7. Qe2 c6 8. Rd1
b5 9. dxe5 bxc4 10. exd6 Bxd6 11. Rxd6 Qc7 12. Bf4 Qb6 13. Qxc4 Qxb2 14. Rb1
Qxc2 15. Ne1 Ba6 16. Qxc6 Rac8 17. Nxc2 Rxc6 18. Rxc6 Bd3 19. Rb2 Nxe4 20. Nxe4
Bxe4 21. Rc7 Re8 22. h3 Nf6 23. Rxa7 Nd5 24. Bg3 f5 25. Rbb7 f4 26. Rxg7+ Kh8
27. Bh4 Bxc2 28. Rgd7 Nb4 29. Bf6+ 1-0

[Event "AUTO-OPEN-2736"]
[Site "http://www.queenalice.com/game.php?id=1131212"]
[Date "2012.12.14"]
[Round "2"]
[White "Janivgm"]
[Black "tomno814"]
[Result "0-1"]
[WhiteElo "1883"]
[BlackElo "1845"]

1. d4 Nf6 2. c4 g6 3. Nc3 Bg7 4. e4 d6 5. f3 O-O 6. Bg5 Nfd7 7. Qd2 c5 8. d5 Ne5
9. O-O-O Nbd7 10. h3 f6 11. Bh6 Bxh6 12. Qxh6 Nb6 13. b3 a5 14. f4 Nf7 15. Qh4
a4 16. Nf3 axb3 17. axb3 Nd7 18. Kb2 Qa5 19. Bd3 Qb4 20. Ra1 Ra6 21. g4 Kg7 22.
Qg3 g5 23. h4 gxf4 24. Qxf4 Nde5 25. Nxe5 Nxe5 26. Be2 Bxg4 27. Rhg1 Rxa1 28.
Rxa1 Bxe2 29. Qg3+ Bg4 30. Ra4 Qb6 31. Nb5 Kh8 32. Kc3 Bd7 33. Ra1 Rg8 34. Qe1
Bxb5 35. cxb5 Qxb5 36. Qe3 Qb4+ 37. Kc2 Rg2+ 38. Kb1 Nd3 39. Ra8+ Kg7 40. Ka1
Qc3+ 0-1